| 000 | 01220nam a2200277 i 4500 | ||
|---|---|---|---|
| 003 | DO-SdBNP | ||
| 005 | 20230519143529.0 | ||
| 007 | ta | ||
| 008 | 150616s1984 bl a 000 0 spa d | ||
| 020 | _a9684940149 | ||
| 040 |
_aDO-SdBNP _bspa _cBNPHU _erda |
||
| 082 | 4 | _222 | |
| 245 | 0 | 0 |
_aCuentos de animales fantasticos para niños / _cdirección, Patricia van Rhijn ; edición, Rosánela Àlvarez. |
| 250 | _a4ª ed. | ||
| 264 | 1 |
_aSao Paulo, Brasil : _bAtíca, _c1984. |
|
| 300 |
_a106 páginas : _bilustraciones ; _c22 cm. |
||
| 336 |
_2rdacontent _atexto _btxt |
||
| 337 |
_2rdamedia _asin mediación _bn |
||
| 338 |
_2rdacarrier _avolumen _bnc |
||
| 490 | 1 |
_aCoedición latinoamericana _v5 |
|
| 505 | 0 |
_aLa Boitató (Brasil) -- _tEl hombre caimán (Colombia) -- _tLas guacamayas (Ecuador) _tEl caballito de sieto colores (Guatemala) -- _tEl murciélago (México) -- _tEl lagarto de oro (Nicaragua) -- _tEl Amaru (Perú) -- _tEl pájaro Inriri, fabricante de mujeres (Puerto Rico) -- _tLa novia del pececito (República Dominicana) -- _tBlanca y el Salvaje (Venezuela). |
|
| 700 | 1 |
_aÁlvarez, Rosánela, _eedición _973004 |
|
| 830 | 0 |
_aCoedición latinoamericana. _n5 _973005 |
|
| 910 | _aBtavárez | ||
| 942 |
_2ddc _cLBS1 |
||
| 999 |
_c53578 _d53578 |
||